Catálogo

HIJOS QUE DUELEN : (Registro nro. 16894)

Detalles MARC
000 -LEADER
fixed length control field 00497nam a2200181 a 4500
001 - CONTROL NUMBER
control field 16894
005 - DATE AND TIME OF LATEST TRANSACTION
control field 20180713205939.0
008 - FIXED-LENGTH DATA ELEMENTS--GENERAL INFORMATION
fixed length control field 140415s1992 mx 000 0 spa d
020 ## - INTERNATIONAL STANDARD BOOK NUMBER
International Standard Book Number 9686483187
041 ## - LANGUAGE CODE
Language code of text/sound track or separate title spa
082 ## - DEWEY DECIMAL CLASSIFICATION NUMBER
Classification number 305.90816
Item number FRE
100 1# - MAIN ENTRY--PERSONAL NAME
Personal name FREIRE, JOSE BENIGNO
245 10 - TITLE STATEMENT
Title HIJOS QUE DUELEN :
Remainder of title CUESTIONES DE ORIENTACION FAMILIAR ESPECIAL
250 ## - EDITION STATEMENT
Edition statement 1a ed.
260 ## - PUBLICATION, DISTRIBUTION, ETC.
Place of publication, distribution, etc. MEXICO :
Name of publisher, distributor, etc. LOMA,
Date of publication, distribution, etc. 1992
300 ## - PHYSICAL DESCRIPTION
Extent 148
650 14 - SUBJECT ADDED ENTRY--TOPICAL TERM
Topical term or geographic name entry element IMPEDIDOS FISICAMENTE
General subdivision TRATO
Existencias
Withdrawn status Lost status Source of classification or shelving scheme Damaged status Not for loan Collection code Home library Current library Shelving location Date acquired Source of acquisition Inventory number Total Checkouts Total Renewals Full call number Barcode Date last seen Date last checked out Price effective from Koha item type
    Dewey Decimal Classification     General Biblioteca Karol Wojtyla Biblioteca Karol Wojtyla Sala general 03/12/2013 Compra 151000000000000000053666 2 2 305.90816 FRE 54263 05/01/2026 19/09/2022 03/12/2013 Libro
    Dewey Decimal Classification     General Biblioteca Karol Wojtyla Biblioteca Karol Wojtyla Sala general 03/12/2013 Compra 151000000000000000053665     305.90816 FRE 34894 05/01/2026   03/12/2013 Libro